1056 1318 1758 1723 1808 1668 1267 1469 1740 1987 1604 1531 1684 1782 1647 1363 1783 1913 1317 1421 1812 1704 1691 1121 1198 1690 1642 1279 1780 1059 1132 1130 1105 1456 1677 1546 1966 1567 1422 1087 1797 1422 1999 1764 1763 1205 1247 1810 1378 1775 1142 1543 1571 1765 1799 1614 1630 1033 1737 1407 1621 1394 1949 1220 1469 1380 1315 1721 1033 1879 1338 1427 1527 1597 1257 1763 1617 1745 1360 1892 1960 1442 1195 1160 1648 1061 1532 1956 1949 1323 1557 1083 1242 1740 1794 1433 1903 1028 1036 BCNSPRNW ULIB Ver.6.0+V

เปลี่ยนเป็นภาษาไทย

Change to English
 แสดงรายละเอียดบรรณานุกรม
  กลับหน้าหลัก

Brief Record : Get Marc (ISO 2709) : E-mail record : QR code < ปิดหน้าต่าง
LEADER : 00000nam 2200000uu 4500
001    13399111077
003     ULIB
008    110616s||||||||th 000 0 tha d
020    9789741684724(ล.2)
050 04 BF455^bท317ร ล.2 2552
100 0  ทองสุข รวยสูงเนิน
245 10 รูปแบบการจัดการเรียนรู้เพื่อพัฒนาทักษะการคิด 2 /^cเรียบเรียงโดย ทองสุข รวยสูงเนิน
250    พิมพ์ครั้งที่ 2
260    กรุงเทพฯ :^bสถาบันพัฒนาความก้าวหน้า,^c2552
300     เล่ม :^bภาพประกอบ
504    บรรณานุกรม: หน้า 154-157
505 0  ล.2^tรูปแบบการจัดการเรียนรู้เพื่อพัฒนาทักษะการคิด --ล.3^tคู่มือปฏิบัติการการจัดการเรียนรู้เพื่อพัฒนาทักษะการคิด
650  7 การเรียนรู้
650  7 การสอน
650  7 ระบบการเรียนการสอน
650  7 ทักษะทางการคิด
710 20 สถาบันพัฒนาความก้าวหน้า
945    ^p180^l0^i027100
945    ^p180^l0^i027099
995    ทศพร
999 ^a ใช้งานได้ทุกระบบ
รายการนี้ยังไม่มีแท็ก
คุณยังไม่ได้ล็อกอิน คุณสามารถมีกิจกรรมร่วมกับเว็บไซต์ได้ แต่ต้องล็อกอินก่อน ::
  ล็อกอิน

รายการสื่อสารสนเทศ

ลำดับที่ ประเภท เลขเรียก/บาร์โค้ด สถานที่ สถานะ
- ไม่พบข้อมูล -

รายการใกล้เคียง
    ผู้แต่ง [ทองสุข รวยสูงเนิน]

    หัวเรื่อง [การเรียนรู้]
    หัวเรื่อง [การสอน]
    หัวเรื่อง [ระบบการเรียนการสอน]
    หัวเรื่อง [ทักษะทางการคิด]

BibComment


ยังไม่เคยถูกคอมเมนท์

คอมเมนท์ทรัพยากรรายการนี้
  คอมเมนท์: รูปแบบการจัดการเร..


 Copyright 2026. Bcnsprnw @Library